Online
Catalog
Normal view MARC view

Entry Nombre personal

Number of records used in: 21

001 - NÚMERO DE CONTROL

  • campo de control: 27287

003 - IDENTIFICADOR DEL NÚMERO DE CONTROL

  • campo de control: BNPHU

005 - FECHA Y HORA DE LA ÚLTIMA TRANSACCIÓN

  • campo de control: 20240307185845.0

008 - DATOS DE LONGITUD FIJA

  • campo de control de longitud fija: 200615|| aca||aabn | a|a d

010 ## - NÚMERO DE CONTROL DE LA BIBLIOTECA DEL CONGRESO

  • Número de control de LC: n 85336273

040 ## - FUENTE DE LA CATALOGACIÓN

  • Centro catalogador/agencia de origen: DO-SdBNP
  • Lengua de catalogación: spa
  • Centro/agencia transcriptor: BNPHU
  • Normas de descripción: rda

100 1# - ENCABEZAMIENTO-NOMBRE DE PERSONA

  • Nombre de persona: Damirón, Rafael,
  • Fechas asociadas al nombre: 1882-1956

370 ## - LUGAR ASOCIADO

  • Lugar de nacimiento: Santa Cruz de Barahona (República Dominicana)
  • Lugar de fallecimiento: Santo Domingo (República Dominicana)

374 ## - OCUPACIÓN

  • Ocupación: Político
  • Ocupación: Escritor
  • Ocupación: Dramaturgo
  • Ocupación: Poeta
  • Ocupación: Periodista

375 ## - GÉNERO/SEXO

  • Género/Sexo: Masculino

377 ## - LENGUA/LENGUAJE ASOCIADO

  • Código del idioma: spa
  • Término de lengua/lenguaje: Español

400 1# - TRAZADO DE VÉASE--NOMBRE DE PERSONA

  • Nombre de persona: Damirón, R.

500 ## - TRAZADO DE VÉASE ADEMÁS--NOMBRE DE PERSONA

  • Nombre de persona: Damirón, R.
  • Forma completa/desarrollada del nombre: (Rafael)

670 ## - FUENTE DE DATOS ENCONTRADOS

  • Cita de la fuente: Damirón, Rafael, 1882-1956, La Cacica /, 1944.

670 ## - FUENTE DE DATOS ENCONTRADOS

  • Cita de la fuente: Ajedrez dominicano, 1926-1979, 1980

670 ## - FUENTE DE DATOS ENCONTRADOS

  • Cita de la fuente: Ay de los vencidos, Archivo General de la Nación, 2019

670 ## - FUENTE DE DATOS ENCONTRADOS

  • Identificador Uniforme del Recurso: https://viaf.org/processed/LC%7Cn%20%2085336273

Powered by Koha